[Event "Rheinland Pfalz Seniors op 21st"]
[Site "Altenkirchen"]
[Date "2024.09.05"]
[Round "3"]
[White "Pfaff, Helmut"]
[Black "Linz, Stefan"]
[Result "0-1"]
[WhiteElo "1513"]
[BlackElo "1741"]
[PlyCount "116"]
[EventDate "2024.09.03"]
[EventType "swiss"]
[EventRounds "9"]
[EventCountry "GER"]
[SourceTitle "EXT 2025"]
[Source "ChessBase"]
[SourceDate "2024.10.14"]
[SourceVersion "1"]
[SourceVersionDate "2024.10.14"]
[SourceQuality "1"]

1. c4 d6 2. e4 e5 3. d4 Nf6 4. Nc3 Be7 5. Nf3 Bg4 6. Be2 exd4 7. Nxd4 Bxe2 8. Qxe2 0-0 9. 0-0 Nbd7 10. Nf5 g6 11. Nxe7+ Qxe7 12. f3 a6 13. b4 Kg7 14. Bb2 Rfe8 15. Nd5 Qd8 16. g4 Kg8 17. Rae1 c6 18. Nxf6+ Nxf6 19. g5 Nd7 20. f4 Re6 21. Qg4 Qb6+ 22. Kh1 Qxb4 23. Qe2 Rae8 24. a3 Qa5 25. Qd3 f6 26. f5 gxf5 27. Bxf6 Nxf6 28. gxf6 Rxf6 29. Qg3+ Rg6 30. Qf4 Qe5 31. Qxf5 Qe7 32. Rg1 Rxg1+ 33. Rxg1+ Kh8 34. Re1 Rf8 35. Qg4 Qf7 36. Qe2 Qf3+ 37. Qg2 Qxg2+ 38. Kxg2 Kg7 39. e5 dxe5 40. Rxe5 Kf6 41. Rh5 Rg8+ 42. Kf3 Rg7 43. Kf4 Ke6 44. Re5+ Kd7 45. Rg5 Rf7+ 46. Kg4 Re7 47. Kh5 Kd6 48. Kh6 c5 49. Rg7 Rxg7 50. Kxg7 b5 51. cxb5 axb5 52. Kxh7 c4 53. a4 bxa4 54. h4 c3 55. h5 c2 56. Kg7 c1Q 57. h6 Qxh6+ 58. Kxh6 a3 0-1

[Event "Rheinland Pfalz Seniors op 20th"]
[Site "Altenkirchen"]
[Date "2023.09.10"]
[Round "6"]
[White "Linz, Stefan"]
[Black "Boscher, Hans"]
[Result "1/2-1/2"]
[WhiteElo "1586"]
[BlackElo "1629"]
[PlyCount "56"]
[EventDate "2023.09.05"]
[EventType "swiss"]
[EventRounds "9"]
[EventCountry "GER"]
[SourceTitle "CBM 216 Extra"]
[Source "ChessBase"]
[SourceDate "2023.11.30"]
[SourceVersion "1"]
[SourceVersionDate "2023.11.30"]
[SourceQuality "1"]

1. d4 Nf6 2. Nf3 e6 3. Bg5 d5 4. e3 c5 5. c3 Nc6 6. Nbd2 h6 7. Bh4 Be7 8. dxc5 Bxc5 9. Nd4 Be7 10. Bg3 0-0 11. h3 a6 12. N4f3 Bd6 13. Bh4 Be7 14. Nd4 Qc7 15. Bg3 Bd6 16. Bxd6 Qxd6 17. Bd3 Bd7 18. Bc2 Rfc8 19. 0-0 Nxd4 20. exd4 b5 21. a3 a5 22. Nf3 b4 23. axb4 axb4 24. Rxa8 Rxa8 25. Qd2 bxc3 26. bxc3 Rc8 27. Ne5 Qc7 28. Rc1 Bb5 1/2-1/2

[Event "Altenkirchen Seniors op 18th"]
[Site "Altenkirchen"]
[Date "2021.07.08"]
[Round "7"]
[White "Speicher, Franz"]
[Black "Linz, Stefan"]
[Result "1-0"]
[WhiteElo "1900"]
[BlackElo "1634"]
[PlyCount "119"]
[EventDate "2021.07.02"]
[EventType "swiss"]
[EventRounds "9"]
[EventCountry "GER"]
[SourceTitle "CBM 203 Extra"]
[Source "ChessBase"]
[SourceDate "2021.09.30"]
[SourceVersion "1"]
[SourceVersionDate "2021.09.30"]
[SourceQuality "1"]

1. Nf3 d5 2. e3 Nf6 3. c4 Nc6 4. b3 Bg4 5. Bb2 e6 6. Be2 h6 7. 0-0 Bd6 8. h3 Bxf3 9. Bxf3 0-0 10. cxd5 exd5 11. d4 Ne7 12. Nc3 c6 13. Qc2 Bc7 14. Rac1 Qd6 15. g3 a6 16. Nb1 Rfe8 17. Rfe1 Ng6 18. Ba3 Qd7 19. Kg2 Bd6 20. Bxd6 Qxd6 21. Nc3 Re7 22. Na4 Rae8 23. Nc5 Qc7 24. Qf5 Ne4 25. h4 Nxc5 26. Rxc5 Re6 27. Bxd5 Rf6 28. Qg4 Qd6 29. Bf3 Nf8 30. Rf5 Rg6 31. Qf4 Qxf4 32. Rxf4 Rd6 33. Re4 Rxe4 34. Bxe4 Re6 35. Bd3 Re7 36. Rc1 Rd7 37. Kf3 g6 38. g4 Kg7 39. Rc4 Rd6 40. Ke2 b5 41. Rc2 Nd7 42. Be4 Nb8 43. b4 Kf6 44. Kd3 Ke7 45. f4 Kf6 46. Bf3 Ke7 47. e4 f6 48. g5 h5 49. e5 fxe5 50. fxe5 Re6 51. Bg2 Kd8 52. Bh3 Re7 53. e6 Rc7 54. Rf2 Ke8 55. Ke4 Rg7 56. Ke5 Ke7 57. Bg2 Ke8 58. Be4 Kd8 59. Rf8+ Kc7 60. Kf6 1-0

[Event "Altenkirchen Seniors op 18th"]
[Site "Altenkirchen"]
[Date "2021.07.04"]
[Round "3"]
[White "Beddegenoodts, Marc"]
[Black "Linz, Stefan"]
[Result "1/2-1/2"]
[WhiteElo "1382"]
[BlackElo "1634"]
[PlyCount "104"]
[EventDate "2021.07.02"]
[EventType "swiss"]
[EventRounds "9"]
[EventCountry "GER"]
[SourceTitle "CBM 203 Extra"]
[Source "ChessBase"]
[SourceDate "2021.09.30"]
[SourceVersion "1"]
[SourceVersionDate "2021.09.30"]
[SourceQuality "1"]

1. d4 d5 2. Bf4 Nf6 3. e3 Nc6 4. c3 Bg4 5. Nf3 a6 6. Nbd2 e6 7. Qc1 Be7 8. Ne5 Nxe5 9. dxe5 Nd7 10. Bd3 Bf5 11. Bxf5 exf5 12. Nf3 Nc5 13. Qc2 g6 14. 0-0 Ne6 15. Rad1 Qc8 16. Rxd5 0-0 17. Bh6 Rd8 18. Rfd1 Rxd5 19. Rxd5 Qe8 20. b4 Rd8 21. Qd3 Rxd5 22. Qxd5 Qa4 23. Qb3 Qd7 24. Nd4 c6 25. f4 Bd8 26. Kf2 Nc7 27. a4 Nd5 28. c4 Nc7 29. h3 Ne6 30. c5 Nc7 31. Ke2 Qd5 32. Qxd5 Nxd5 33. Kd3 Nxb4+ 34. Kc4 Nd5 35. Kd3 Bh4 36. e6 fxe6 37. Nxe6 Kf7 38. Ng5+ Bxg5 39. Bxg5 Ke6 40. Bh4 h6 41. Bf2 Nf6 42. g3 Kd5 43. g4 fxg4 44. hxg4 Nxg4 45. e4+ Ke6 46. Bg3 Nf6 47. Kd4 h5 48. Bh4 Ng4 49. Bd8 Nh2 50. Ke3 Kd7 51. Bg5 Ke6 52. Bd8 Ng4+ 1/2-1/2

[Event "Schleswig Holstein-ch Seniors op 9th"]
[Site "Buesum"]
[Date "2015.10.02"]
[Round "5"]
[White "Linz, Stefan"]
[Black "Moeller, Bernd"]
[Result "1/2-1/2"]
[WhiteElo "1695"]
[BlackElo "1576"]
[PlyCount "125"]
[EventDate "2015.09.28"]
[EventType "swiss"]
[EventRounds "9"]
[EventCountry "GER"]
[SourceTitle "EXT 2018"]
[Source "ChessBase"]
[SourceDate "2017.10.13"]
[SourceVersion "1"]
[SourceVersionDate "2017.10.13"]
[SourceQuality "1"]

1. d4 d5 2. Bg5 h6 3. Bh4 Nd7 4. Nf3 Ngf6 5. Nbd2 e6 6. e3 Be7 7. c3 0-0 8. h3 a6 9. Bd3 b5 10. a3 Bb7 11. 0-0 c5 12. Be2 c4 13. Nh2 Ne4 14. Bxe7 Qxe7 15. Nxe4 dxe4 16. Qe1 f5 17. Rd1 Nf6 18. f3 Rfd8 19. f4 Nd5 20. Qd2 Qh4 21. Rf2 Qg3 22. Nf1 Qh4 23. Re1 Bc6 24. Bd1 Be8 25. Kh2 Qe7 26. g3 Kh8 27. Qe2 a5 28. Rg2 Nf6 29. Qf2 h5 30. Be2 a4 31. Rd1 g6 32. Kg1 Qg7 33. h4 Nd5 34. Rd2 Kh7 35. Kh1 Qc7 36. Rc2 Bc6 37. Qe1 Bb7 38. Rc1 Ba6 39. Bd1 Kh6 40. Qd2 Bb7 41. Kh2 Bc6 42. Qe1 Be8 43. Rgc2 Rdb8 44. Qe2 Rb6 45. Qf2 Ra7 46. Be2 Rab7 47. Kh3 Bd7 48. Bd1 Qb8 49. Qe2 Bc6 50. Qf2 Qa7 51. Qe2 Nc7 52. Rd2 Na6 53. Rdc2 Rd7 54. Qf2 Qa8 55. Qe2 Qd8 56. Qf2 Ba8 57. Qe2 Rbd6 58. Rd2 Nc5 59. Rb1 Na6 60. Rc1 Nb8 61. Rcc2 Nc6 62. Qf2 Rd5 63. Qe2 1/2-1/2

[Event "Schleswig Holstein-ch Seniors op"]
[Site "Buesum"]
[Date "2014.10.01"]
[Round "7"]
[White "Fritsch, Juergen"]
[Black "Linz, Stefan"]
[Result "1-0"]
[WhiteElo "1943"]
[BlackElo "1709"]
[PlyCount "55"]
[EventDate "2014.09.25"]
[EventType "swiss"]
[EventRounds "9"]
[EventCountry "GER"]
[SourceTitle "EXT 2018"]
[Source "ChessBase"]
[SourceDate "2017.10.13"]
[SourceVersion "1"]
[SourceVersionDate "2017.10.13"]
[SourceQuality "1"]

1. d4 g6 2. Bf4 Bg7 3. e3 d6 4. Nf3 Nf6 5. Nbd2 Nh5 6. c3 Nxf4 7. exf4 Nd7 8. Bc4 Nb6 9. Bb3 0-0 10. 0-0 e6 11. Re1 Nd7 12. Nc4 b6 13. Ne3 Bb7 14. Ng5 h6 15. Nh3 Nf6 16. f3 Re8 17. Qc2 Nh5 18. Qf2 Nf6 19. Rad1 Nh5 20. g4 Nf6 21. Qg3 a5 22. a3 Qd7 23. Nf2 Qb5 24. Bc4 Qxb2 25. g5 Nh5 26. Qh4 Qxa3 27. Ne4 d5 28. Nf6+ 1-0

[Event "Schleswig Holstein-ch Seniors op"]
[Site "Buesum"]
[Date "2014.09.29"]
[Round "5"]
[White "Geibel, Henning"]
[Black "Linz, Stefan"]
[Result "1/2-1/2"]
[WhiteElo "1464"]
[BlackElo "1709"]
[PlyCount "79"]
[EventDate "2014.09.25"]
[EventType "swiss"]
[EventRounds "9"]
[EventCountry "GER"]
[SourceTitle "EXT 2018"]
[Source "ChessBase"]
[SourceDate "2017.10.13"]
[SourceVersion "1"]
[SourceVersionDate "2017.10.13"]
[SourceQuality "1"]

1. e4 g6 2. Bc4 Bg7 3. Nf3 e6 4. 0-0 Ne7 5. d4 0-0 6. Bg5 Qe8 7. Nc3 Nbc6 8. Nb5 Qd8 9. Qd2 a6 10. Nc3 Qe8 11. Bh6 b5 12. Be2 Bb7 13. Bxg7 Kxg7 14. d5 exd5 15. exd5 Nb8 16. Qd4+ Kg8 17. Rfe1 Qd8 18. d6 cxd6 19. Qxd6 Nf5 20. Qf4 Nc6 21. Bd3 Nce7 22. Bxf5 Nxf5 23. g4 Nh4 24. Nxh4 Qxh4 25. Qg3 Qf6 26. Rad1 Qc6 27. Nd5 Kg7 28. Qe5+ f6 29. Qc7 Rf7 30. Qxc6 dxc6 31. Nb6 Raf8 32. Rd7 Rxd7 33. Nxd7 Rf7 34. Nc5 Bc8 35. h3 a5 36. Re8 Rc7 37. Ne6+ Bxe6 38. Rxe6 Kf7 39. Rd6 Ke7 40. Rd3 1/2-1/2

[Event "Schleswig Holstein-ch Seniors op"]
[Site "Buesum"]
[Date "2014.09.28"]
[Round "4"]
[White "Linz, Stefan"]
[Black "Weber, Gerhard"]
[Result "0-1"]
[WhiteElo "1709"]
[BlackElo "1879"]
[PlyCount "106"]
[EventDate "2014.09.25"]
[EventType "swiss"]
[EventRounds "9"]
[EventCountry "GER"]
[SourceTitle "EXT 2018"]
[Source "ChessBase"]
[SourceDate "2017.10.13"]
[SourceVersion "1"]
[SourceVersionDate "2017.10.13"]
[SourceQuality "1"]

1. d4 g6 2. Nf3 Bg7 3. c3 d6 4. Bf4 Nf6 5. h3 0-0 6. Qc1 Re8 7. Nbd2 Bf5 8. e3 Nbd7 9. Be2 e5 10. dxe5 dxe5 11. Bh2 Ne4 12. Nxe4 Bxe4 13. 0-0 Bc6 14. Qd1 Qe7 15. Qb3 Nc5 16. Qb4 a5 17. Qa3 a4 18. Qb4 Ne4 19. Qxe7 Rxe7 20. Rfd1 Nc5 21. Bg3 h6 22. Kf1 Ne4 23. Bh2 a3 24. bxa3 Nxc3 25. Rd2 Nxe2 26. Kxe2 Rxa3 27. Kf1 Re8 28. Rc1 f6 29. Ne1 Rea8 30. Rcc2 Bf8 31. Rb2 Kf7 32. Nd3 R8a5 33. Nb4 Bxb4 34. Rxb4 Rxa2 35. Rxa2 Rxa2 36. Rb1 Ke6 37. Rc1 g5 38. Bg3 Bb5+ 39. Kg1 c6 40. f3 Rb2 41. Bf2 Bd3 42. e4 Rb1 43. Rxb1 Bxb1 44. Bb6 h5 45. Kf2 Bd3 46. Bc5 f5 47. Ke3 fxe4 48. fxe4 Bc2 49. g3 g4 50. h4 Kd7 51. Bf8 b6 52. Bg7 Ke6 53. Bh6 c5 0-1